Classiques Disney - Statistiques

Statistiques générales
  • Ce quiz a été pris 42 fois
  • Le résultat moyen est 66 sur 138
Statistiques - réponses
Hint Réponse % Correct
14 Cendrillon
96%
1 Blanche-neige et les sept nains
93%
17 La belle et le clochard
86%
33 La petite sirène
86%
41 Pocahontas, une légende indienne
86%
118 Vaiana, la légende du bout du monde
86%
36 La belle et la bête
82%
48 Mulan
82%
18 La belle au bois dormant
79%
109 La Reine des neiges
79%
22 Le livre de la jungle
79%
38 Le roi lion
79%
19 Les 101 dalmatiens
79%
26 Les aventures de Bernard et Bianca
79%
16 Peter Pan
79%
101 Raiponce
79%
86 Cars
75%
4 Dumbo
75%
23 Les aristochats
75%
42 Toy story
75%
37 Aladdin
71%
120 Coco
71%
52 Tarzan
71%
5 Bambi
68%
104 Rebelle
68%
15 Alice au pays des merveilles
64%
3 Fantasia
64%
45 Hercule
64%
65 Lilo & Stitch
64%
2 Pinocchio
64%
29 Rox et Rouky
64%
114 Vice-versa
64%
98 La princesse et la grenouille
61%
43 Le bossu de Notre-Dame
61%
49 Le roi lion 2 - L'honneur de la tribu
61%
103 Cars 2
57%
119 Cars 3
57%
129 Encanto - La fantastique famille Madrigal
57%
56 La petite sirène 2 - Retour à l'océan
57%
124 La Reine des neiges 2
57%
20 Merlin l'enchanteur
57%
90 Ratatouille
57%
25 Robin des Bois
57%
102 Winnie l'ourson
57%
97 Là-haut
54%
69 Le livre de la jungle 2
54%
72 Le monde de Nemo
54%
71 Le roi lion 3 - Hakuna Matata
54%
77 Mulan 2 - La mission de l'empereur
54%
136 Vaiana 2
54%
95 Volt, star malgré lui
54%
61 Atlantide, l'empire perdu
50%
73 Frère des ours
50%
117 Le monde de Dory
50%
39 Le retour de Jafar
50%
106 Les mondes de Ralph
50%
112 Les nouveaux héros
50%
53 Toy story 2
50%
100 Toy story 3
50%
123 Toy story 4
50%
135 Vice-versa 2
50%
116 Zootopie
50%
51 1001 pattes - A bug's life
46%
67 101 dalmatiens 2 - Sur la trace des héros
46%
31 Basil, détective privé
46%
63 Cendrillon 2 - Une vie de Princesse
46%
60 Kuzco, l'empereur mégalo
46%
59 La belle et le clochard 2 - L'appel de la rue
46%
78 Les indestructibles
46%
88 Le sortilège de Cendrillon
46%
66 Peter Pan 2 - Retour au Pays Imaginaire
46%
50 Pocahontas 2 - Un monde nouveau
46%
89 Rox et Rouky 2
46%
126 Soul
46%
80 Tarzan 2 - L'enfance d'un héros
46%
35 Bernard et Bianca au pays des kangourous
43%
87 Frère des ours 2
43%
93 La fée Clochette
43%
121 Les indestructibles 2
43%
81 Lilo & Stitch 2 - Hawaii, nous avons un problème !
43%
128 Luca
43%
21 Mary Poppins
43%
108 Planes
43%
130 Alerte rouge
39%
84 Bambi 2
39%
47 La belle et la bête 2 - Le Noël enchanté
39%
68 La planète au trésor - Un nouvel univers
39%
62 Le bossu de Notre-Dame 2 - Le secret de Quasimodo
39%
127 Raya et le dernier dragon
39%
30 Taram et le chaudron magique
39%
134 Wish - Asha et la bonne étoile
39%
138 Zootopie 2
39%
44 Aladdin et le roi des voleurs
36%
91 Bienvenue chez les Robinson
36%
82 Chicken Little
36%
58 Dinosaure
36%
83 Kuzco 2 - King Kronk
36%
7 Les trois caballeros
36%
111 Planes 2
36%
122 Ralph 2.0
36%
94 Wall-E
36%
46 Winnie l'ourson 2 - Le grand voyage
36%
76 La ferme se rebelle
32%
92 Le secret de la petite sirène
32%
64 Monstres & cie
32%
32 Oliver et compagnie
32%
133 Elementaire
29%
54 Fantasia 2000
29%
34 La bande à Picsou, le film - Le trésor de la lampe perdue
29%
13 Le crapaud et le maître d'école
29%
115 Le voyage d'Arlo
29%
9 Mélodie du sud
29%
131 Buzz l'Eclair
25%
10 Coquin de printemps
25%
40 Dingo et Max
25%
137 Elio
25%
125 En avant
25%
8 La boite à musique
25%
24 L'apprentie sorcière
25%
74 Les aventures de Petit Gourou
25%
70 Les aventures de Porcinet
25%
57 Les aventures de Tigrou
25%
28 Les aventures de Winnie l'ourson
25%
107 Monstres Academy
25%
27 Peter et Elliott le dragon
25%
6 Saludos amigos
25%
96 Clochette et la pierre de lune
21%
12 Danny, le petit mouton noir
21%
11 Mélodie cocktail
21%
85 The Wild
21%
79 Winnie l'ourson et l'éfélant
21%
132 Avalonia - L'étrange voyage
18%
113 Clochette et la créature légendaire
18%
105 Clochette et le secret des fées
18%
55 Dingo et Max 2 - Les sportifs de l'extrême
18%
75 Mickey, Donald, Dingo - Les trois mousquetaires
18%
110 Clochette et la fée pirate
14%
99 Clochette et l'expédition féérique
14%
Aucun quiz correspondant
Distribution des résultats
% des personnes avec chaque résultat
Percentile par nombre de réponses
Votre historique - résultats
Vous n’avez pas pris ce quiz